{"text_format":"3","workbook":"xlsx","n_sheets":1,"sheets":["t196"],"read":"whole","date_system":"1900"}

{"sheet":"t196","index":0,"n_rows":190,"n_cols":7,"rows_kept":190,"merged":[[0,0,0,6],[30,0,30,5],[49,0,49,5],[152,0,152,5]]}
["TABELA 196.1 - Estatísticas Agrícolas, Município de Guaiçara, Estado de São Paulo, 2007/08."]
["ITEM","UNIDADE","N.DE UPAs","MÍNIMO","MÉDIO","MÁXIMO","TOTAL"]
["Distância à sede do município","km",291,{"v":1,"d":"1.0"},13.6,{"v":42,"d":"42.0"},"-"]
["Área total","hectare",291,1.2,{"v":77.08,"d":"77.1"},985.9,{"v":22429.44,"d":"22,429.4"}]
["Área com cultura perene","hectare",37,0.3,{"v":21.59,"d":"21.6"},631.5,798.8]
["Área com cultura temporária","hectare",146,0.2,{"v":54.96,"d":"55.0"},{"v":950,"d":"950.0"},{"v":8024.4,"d":"8,024.4"}]
["Área com pastagem","hectare",234,0.4,{"v":48.39,"d":"48.4"},{"v":570,"d":"570.0"},{"v":11322.23,"d":"11,322.2"}]
["Área com reflorestamento","hectare",23,0.4,{"v":5.56,"d":"5.6"},63.9,127.8]
["Área com vegetação natural","hectare",73,0.2,{"v":15.51,"d":"15.5"},{"v":190,"d":"190.0"},{"v":1131.9,"d":"1,131.9"}]
["Área com vegetação de brejo e várzea","hectare",3,0.5,{"v":1.83,"d":"1.8"},{"v":3,"d":"3.0"},5.5]
["Área em descanso","hectare",35,0.3,{"v":13.44,"d":"13.4"},120.8,470.5]
["Área complementar","hectare",267,0.1,{"v":2.05,"d":"2.1"},51.5,{"v":548.31,"d":"548.3"}]
["Área das UPAs com (0, 1] ha","hectare","-","-","-","-","-"]
["Área das UPAs com (1, 2] ha","hectare",4,1.2,{"v":1.66,"d":"1.7"},{"v":2,"d":"2.0"},{"v":6.64,"d":"6.6"}]
["Área das UPAs com (2, 5] ha","hectare",20,2.1,3.3,4.8,{"v":66,"d":"66.0"}]
["Área das UPAs com (5, 10] ha","hectare",31,{"v":6,"d":"6.0"},{"v":7.95,"d":"8.0"},9.8,246.5]
["Área das UPAs com (10, 20] ha","hectare",58,10.3,{"v":14.49,"d":"14.5"},19.7,840.4]
["Área das UPAs com (20, 50] ha","hectare",82,20.6,{"v":31.74,"d":"31.7"},48.4,{"v":2602.8,"d":"2,602.8"}]
["Área das UPAs com (50, 100] ha","hectare",40,50.7,{"v":69.74,"d":"69.7"},91.9,{"v":2789.7,"d":"2,789.7"}]
["Área das UPAs com (100, 200] ha","hectare",31,102.5,{"v":135.98,"d":"136.0"},193.2,{"v":4215.4,"d":"4,215.4"}]
["Área das UPAs com (200, 500] ha","hectare",15,208.1,{"v":293.94,"d":"293.9"},464.6,{"v":4409.1,"d":"4,409.1"}]
["Área das UPAs com (500, 1.000] ha","hectare",10,540.1,{"v":725.29,"d":"725.3"},985.9,{"v":7252.9,"d":"7,252.9"}]
["Área das UPAs com (1.000, 2.000] ha","hectare","-","-","-","-","-"]
["Área das UPAs com (2.000, 5.000] ha","hectare","-","-","-","-","-"]
["Área das UPAs com (5.000, 10.000] ha","hectare","-","-","-","-","-"]
["Área das UPAs acima de 10.000 ha","hectare","-","-","-","-","-"]
["Familiares do proprietário que trabalham na UPA","unidade",223,{"v":1,"d":"1.0"},1.3,{"v":5,"d":"5.0"},{"v":291,"d":"291.0"}]
["Trabalhadores permanentes","unidade",127,{"v":1,"d":"1.0"},{"v":2.42,"d":"2.4"},{"v":45,"d":"45.0"},{"v":307,"d":"307.0"}]
["Fonte: Secretaria de Agricultura e Abastecimento, CDRS/IEA, Projeto LUPA."]
[]
["TABELA 196.2 - Explorações Animais, Município de Guaiçara, Estado de São Paulo, 2007/08."]
["ITEM","UNIDADE","N.DE UPAs","MÍNIMO","MÉDIO","MÁXIMO","TOTAL"]
["Asininos E Muares","cabeças",10,{"v":1,"d":"1.0"},2.1,{"v":5,"d":"5.0"},{"v":21,"d":"21.0"}]
["Avicultura de Corte","cabeças/ano",2,{"v":600,"d":"600.0"},{"v":125300,"d":"125,300.0"},{"v":250000,"d":"250,000.0"},{"v":250600,"d":"250,600.0"}]
["Avicultura Ornamental/Decorativa/Exótica","cabeças",1,{"v":8,"d":"8.0"},{"v":8,"d":"8.0"},{"v":8,"d":"8.0"},{"v":8,"d":"8.0"}]
["Bovinocultura de Corte","cabeças",86,{"v":2,"d":"2.0"},{"v":261.77,"d":"261.8"},{"v":12000,"d":"12,000.0"},{"v":22512,"d":"22,512.0"}]
["Bovinocultura Leiteira","cabeças",61,{"v":2,"d":"2.0"},65.9,{"v":1285,"d":"1,285.0"},{"v":4020,"d":"4,020.0"}]
["Bovinocultura Mista","cabeças",62,{"v":5,"d":"5.0"},{"v":50.56,"d":"50.6"},{"v":226,"d":"226.0"},{"v":3135,"d":"3,135.0"}]
["Cunicultura","cabeças",8,{"v":1,"d":"1.0"},{"v":3.75,"d":"3.8"},{"v":10,"d":"10.0"},{"v":30,"d":"30.0"}]
["Equinocultura","cabeças",92,{"v":1,"d":"1.0"},{"v":3.92,"d":"3.9"},{"v":32,"d":"32.0"},{"v":361,"d":"361.0"}]
["Helicicultura","viveiros",1,{"v":1,"d":"1.0"},{"v":1,"d":"1.0"},{"v":1,"d":"1.0"},{"v":1,"d":"1.0"}]
["Minhocultura","canteiros",1,{"v":16,"d":"16.0"},{"v":16,"d":"16.0"},{"v":16,"d":"16.0"},{"v":16,"d":"16.0"}]
["Ovinocultura","cabeças",4,{"v":12,"d":"12.0"},80.5,{"v":180,"d":"180.0"},{"v":322,"d":"322.0"}]
["Piscicultura","m² tanques",1,{"v":15000,"d":"15,000.0"},{"v":15000,"d":"15,000.0"},{"v":15000,"d":"15,000.0"},{"v":15000,"d":"15,000.0"}]
["Ranicultura","girinos/ano",1,{"v":15000,"d":"15,000.0"},{"v":15000,"d":"15,000.0"},{"v":15000,"d":"15,000.0"},{"v":15000,"d":"15,000.0"}]
["Sericicultura","gramas larvas/ano",1,{"v":320,"d":"320.0"},{"v":320,"d":"320.0"},{"v":320,"d":"320.0"},{"v":320,"d":"320.0"}]
["Suinocultura","cabeças",9,{"v":2,"d":"2.0"},{"v":6.56,"d":"6.6"},{"v":15,"d":"15.0"},{"v":59,"d":"59.0"}]
["Fonte: Secretaria de Agricultura e Abastecimento, CDRS/IEA, Projeto LUPA."]
[]
["TABELA 196.3 -  Máquinas, Implementos e Benfeitorias, Município de Guaiçara, Estado de São Paulo, 2007/08."]
["ITEM","UNIDADE","N.DE UPAs","MÍNIMO","MÉDIO","MÁXIMO","TOTAL"]
["Arado Comum (Bacia, Aiveca)","Unidade",20,{"v":1,"d":"1.0"},{"v":1.05,"d":"1.1"},{"v":2,"d":"2.0"},{"v":21,"d":"21.0"}]
["Arado Escarificador","Unidade",3,{"v":1,"d":"1.0"},{"v":1,"d":"1.0"},{"v":1,"d":"1.0"},{"v":3,"d":"3.0"}]
["Arado Subsolador","Unidade",25,{"v":1,"d":"1.0"},{"v":1.52,"d":"1.5"},{"v":4,"d":"4.0"},{"v":38,"d":"38.0"}]
["Batedeira de Cereais","Unidade",3,{"v":1,"d":"1.0"},{"v":1,"d":"1.0"},{"v":1,"d":"1.0"},{"v":3,"d":"3.0"}]
["Câmara Fria","Unidade",1,{"v":1,"d":"1.0"},{"v":1,"d":"1.0"},{"v":1,"d":"1.0"},{"v":1,"d":"1.0"}]
["Carregadeira de Cana","Unidade",2,{"v":1,"d":"1.0"},{"v":2,"d":"2.0"},{"v":3,"d":"3.0"},{"v":4,"d":"4.0"}]
["Colhedeira Acoplada","Unidade",6,{"v":1,"d":"1.0"},{"v":1,"d":"1.0"},{"v":1,"d":"1.0"},{"v":6,"d":"6.0"}]
["Colhedeira Automotriz","Unidade",2,{"v":1,"d":"1.0"},{"v":1,"d":"1.0"},{"v":1,"d":"1.0"},{"v":2,"d":"2.0"}]
["Conj.Irrigação Convencional","Unidade",13,{"v":1,"d":"1.0"},{"v":1,"d":"1.0"},{"v":1,"d":"1.0"},{"v":13,"d":"13.0"}]
["Conj.Irrigação Pivot Central","Unidade",1,{"v":1,"d":"1.0"},{"v":1,"d":"1.0"},{"v":1,"d":"1.0"},{"v":1,"d":"1.0"}]
["Conj.Irrigação/Gotejamento/Microaspersão","Unidade",9,{"v":1,"d":"1.0"},{"v":1,"d":"1.0"},{"v":1,"d":"1.0"},{"v":9,"d":"9.0"}]
["Conjunto de Fenação","Unidade",1,{"v":1,"d":"1.0"},{"v":1,"d":"1.0"},{"v":1,"d":"1.0"},{"v":1,"d":"1.0"}]
["Desintegrador de Palha (Plantio Direto)","Unidade",2,{"v":1,"d":"1.0"},{"v":1,"d":"1.0"},{"v":1,"d":"1.0"},{"v":2,"d":"2.0"}]
["Desintegrador, Picador, Triturador","Unidade",102,{"v":1,"d":"1.0"},{"v":1.25,"d":"1.3"},{"v":3,"d":"3.0"},{"v":127,"d":"127.0"}]
["Distribuidor de Calcário","Unidade",2,{"v":1,"d":"1.0"},{"v":1,"d":"1.0"},{"v":1,"d":"1.0"},{"v":2,"d":"2.0"}]
["Ensiladeira","Unidade",24,{"v":1,"d":"1.0"},{"v":1.33,"d":"1.3"},{"v":3,"d":"3.0"},{"v":32,"d":"32.0"}]
["Grade Aradora (Tipo Romi)","Unidade",10,{"v":1,"d":"1.0"},1.1,{"v":2,"d":"2.0"},{"v":11,"d":"11.0"}]
["Grade Niveladora","Unidade",4,{"v":1,"d":"1.0"},{"v":3.75,"d":"3.8"},{"v":12,"d":"12.0"},{"v":15,"d":"15.0"}]
["Microtrator","Unidade",9,{"v":1,"d":"1.0"},{"v":1,"d":"1.0"},{"v":1,"d":"1.0"},{"v":9,"d":"9.0"}]
["Misturador de Ração","Unidade",6,{"v":1,"d":"1.0"},{"v":1,"d":"1.0"},{"v":1,"d":"1.0"},{"v":6,"d":"6.0"}]
["Ordenhadeira Mecânica","Unidade",6,{"v":1,"d":"1.0"},{"v":1.67,"d":"1.7"},{"v":4,"d":"4.0"},{"v":10,"d":"10.0"}]
["Pulverizador Tratorizado","Unidade",33,{"v":1,"d":"1.0"},{"v":1.27,"d":"1.3"},{"v":4,"d":"4.0"},{"v":42,"d":"42.0"}]
["Resfriador de Leite, Tanque Expansão","Unidade",13,{"v":1,"d":"1.0"},{"v":1,"d":"1.0"},{"v":1,"d":"1.0"},{"v":13,"d":"13.0"}]
["Roçadeira Tratorizada","Unidade",3,{"v":1,"d":"1.0"},{"v":1.33,"d":"1.3"},{"v":2,"d":"2.0"},{"v":4,"d":"4.0"}]
["Semeadeira/Adubadeira para Plantio Convencional","Unidade",4,{"v":1,"d":"1.0"},{"v":1,"d":"1.0"},{"v":1,"d":"1.0"},{"v":4,"d":"4.0"}]
["Semeadeira/Plantadeira Plantio Direto","Unidade",25,{"v":1,"d":"1.0"},{"v":1.08,"d":"1.1"},{"v":2,"d":"2.0"},{"v":27,"d":"27.0"}]
["Trator de Pneus","Unidade",99,{"v":1,"d":"1.0"},{"v":1.51,"d":"1.5"},{"v":9,"d":"9.0"},{"v":149,"d":"149.0"}]
["Açude/Represa","Unidade",49,{"v":1,"d":"1.0"},{"v":1.88,"d":"1.9"},{"v":9,"d":"9.0"},{"v":92,"d":"92.0"}]
["Almoxarifado/Oficina","Unidade",7,{"v":1,"d":"1.0"},{"v":1,"d":"1.0"},{"v":1,"d":"1.0"},{"v":7,"d":"7.0"}]
["Armazém para Grãos Ensacados","Sacas",5,{"v":1,"d":"1.0"},{"v":1000.6,"d":"1,000.6"},{"v":3000,"d":"3,000.0"},{"v":5003,"d":"5,003.0"}]
["Balança para Bovinos","Unidade",8,{"v":1,"d":"1.0"},{"v":1.13,"d":"1.1"},{"v":2,"d":"2.0"},{"v":9,"d":"9.0"}]
["Barracão para Bicho da Seda/Sirgaria","Unidade",4,{"v":1,"d":"1.0"},{"v":1,"d":"1.0"},{"v":1,"d":"1.0"},{"v":4,"d":"4.0"}]
["Barracão para Granja/Avicultura","Unidade",10,{"v":1,"d":"1.0"},3.6,{"v":14,"d":"14.0"},{"v":36,"d":"36.0"}]
["Barracão/Galpão/Garagem","Unidade",133,{"v":1,"d":"1.0"},{"v":1.32,"d":"1.3"},{"v":3,"d":"3.0"},{"v":176,"d":"176.0"}]
["Casa de Moradia Habitada","Unidade",186,{"v":1,"d":"1.0"},1.6,{"v":13,"d":"13.0"},{"v":298,"d":"298.0"}]
["Casa de Moradia Total","Unidade",208,{"v":1,"d":"1.0"},{"v":2.38,"d":"2.4"},{"v":31,"d":"31.0"},{"v":495,"d":"495.0"}]
["Curral/Mangueira","Unidade",153,{"v":1,"d":"1.0"},{"v":1.09,"d":"1.1"},{"v":3,"d":"3.0"},{"v":167,"d":"167.0"}]
["Depósito/Tulha","Unidade",89,{"v":1,"d":"1.0"},{"v":1.09,"d":"1.1"},{"v":3,"d":"3.0"},{"v":97,"d":"97.0"}]
["Estábulo","Unidade",19,{"v":1,"d":"1.0"},{"v":1.11,"d":"1.1"},{"v":2,"d":"2.0"},{"v":21,"d":"21.0"}]
["Estufa/Plasticultura","m²",5,{"v":1,"d":"1.0"},{"v":2774.6,"d":"2,774.6"},{"v":10000,"d":"10,000.0"},{"v":13873,"d":"13,873.0"}]
["Fábrica de Ração","Unidade",3,{"v":1,"d":"1.0"},{"v":1,"d":"1.0"},{"v":1,"d":"1.0"},{"v":3,"d":"3.0"}]
["Instalações para Equinos","Unidade",7,{"v":1,"d":"1.0"},{"v":1.43,"d":"1.4"},{"v":3,"d":"3.0"},{"v":10,"d":"10.0"}]
["Máquina de Benefício","Unidade",3,{"v":1,"d":"1.0"},{"v":1,"d":"1.0"},{"v":1,"d":"1.0"},{"v":3,"d":"3.0"}]
["Pocilga","Unidade",9,{"v":1,"d":"1.0"},{"v":1,"d":"1.0"},{"v":1,"d":"1.0"},{"v":9,"d":"9.0"}]
["Poço Semi-Artesiano","Unidade",41,{"v":1,"d":"1.0"},{"v":1.05,"d":"1.1"},{"v":3,"d":"3.0"},{"v":43,"d":"43.0"}]
["Secador de Grãos","Unidade",2,{"v":1,"d":"1.0"},{"v":1,"d":"1.0"},{"v":1,"d":"1.0"},{"v":2,"d":"2.0"}]
["Silo para Grãos","t",2,{"v":10,"d":"10.0"},{"v":11,"d":"11.0"},{"v":12,"d":"12.0"},{"v":22,"d":"22.0"}]
["Silo para Silagem","t",7,{"v":1,"d":"1.0"},{"v":419.14,"d":"419.1"},{"v":2000,"d":"2,000.0"},{"v":2934,"d":"2,934.0"}]
["Terreiro","m²",35,{"v":1,"d":"1.0"},{"v":448.09,"d":"448.1"},{"v":3500,"d":"3,500.0"},{"v":15683,"d":"15,683.0"}]
["Usina de Açúcar/destilaria","Unidade",1,{"v":1,"d":"1.0"},{"v":1,"d":"1.0"},{"v":1,"d":"1.0"},{"v":1,"d":"1.0"}]
["Fonte: Secretaria de Agricultura e Abastecimento, CDRS/IEA, Projeto LUPA."]
[]
["TABELA 196.4 - Outras Estatísticas Agrícolas, Município de Guaiçara, Estado de São Paulo, 2007/08."]
["ITEM","Número de UPAs",null,"Percentual"]
["Faz Parte de Associação de Produtores",84,null,{"v":28.8659793814433,"d":"28.9"}]
["Faz Parte de Cooperativa de Produtores",130,null,{"v":44.67353951890034,"d":"44.7"}]
["Faz Parte do Sindicato de Produtores",112,null,{"v":38.487972508591064,"d":"38.5"}]
["Não utiliza assistência técnica ",173,null,{"v":59.450171821305844,"d":"59.5"}]
["Utiliza somente assistência técnica governamental ",37,null,{"v":12.714776632302405,"d":"12.7"}]
["Utiliza somente assistência técnica privada ",45,null,{"v":15.463917525773196,"d":"15.5"}]
["Utiliza assistência técnica tanto governamental quanto privada",36,null,{"v":12.371134020618555,"d":"12.4"}]
["Utiliza Crédito Rural",13,null,{"v":4.4673539518900345,"d":"4.5"}]
["Utiliza Seguro Rural","-",null,"-"]
["Utiliza Escrituração Agrícola",187,null,{"v":64.26116838487972,"d":"64.3"}]
["Acessa Internet p/ Fins na Agropecuária",9,null,{"v":3.0927835051546393,"d":"3.1"}]
["Utiliza Computador nas Atividades Agropecuárias",11,null,{"v":3.780068728522337,"d":"3.8"}]
["Utiliza Energia Elétrica Para Uso na Atividade Agrícola",219,null,{"v":75.25773195876288,"d":"75.3"}]
["Realiza Análise de Solo, quando necessário",10,null,{"v":3.436426116838488,"d":"3.4"}]
["Utiliza Práticas de Conservação de Solo, quando necessário",185,null,{"v":63.57388316151203,"d":"63.6"}]
["Faz Adubação Mineral, quando necessário",61,null,{"v":20.962199312714777,"d":"21.0"}]
["Faz Adubação Orgânica, quando necessário",23,null,{"v":7.903780068728523,"d":"7.9"}]
["Faz Adubação Verde, quando necessário",5,null,{"v":1.718213058419244,"d":"1.7"}]
["Utiliza Manejo Integrado de Pragas (MIP)",1,null,{"v":0.3436426116838488,"d":"0.3"}]
["Utiliza Hidroponia","-",null,"-"]
["Utiliza Plasticultura",2,null,{"v":0.6872852233676976,"d":"0.7"}]
["Utiliza Mudas Fiscalizadas",17,null,{"v":5.841924398625429,"d":"5.8"}]
["Utiliza Semente Melhorada",110,null,{"v":37.80068728522337,"d":"37.8"}]
["Faz Confinamento de Bovinos",1,null,{"v":0.3436426116838488,"d":"0.3"}]
["Utiliza Pastejo Intensivo",18,null,{"v":6.185567010309279,"d":"6.2"}]
["Faz Inseminação Artificial",7,null,{"v":2.4054982817869415,"d":"2.4"}]
["Faz Mineralização do Rebanho",192,null,{"v":65.97938144329896,"d":"66.0"}]
["Faz Vermifugação do Rebanho",192,null,{"v":65.97938144329896,"d":"66.0"}]
["Possui Parceiros /Arrendatários na Exploração Animal",14,null,{"v":4.810996563573883,"d":"4.8"}]
["Esporte e lazer","-",null,"-"]
["Extração mineral","-",null,"-"]
["Hotel Fazenda, Pousada ou SPA",2,null,{"v":0.6872852233676976,"d":"0.7"}]
["Pesque-pague",1,null,{"v":0.3436426116838488,"d":"0.3"}]
["Restaurante ou Lanchonete",1,null,{"v":0.3436426116838488,"d":"0.3"}]
["Transformação artesanal","-",null,"-"]
["Turismo rural ou ecoturismo","-",null,"-"]
["Outras atividades econômicas rurais","-",null,"-"]
["Agroindústria","-",null,"-"]
["Proprietário sem instrução ou com instrução incompleta",8,null,{"v":2.7491408934707904,"d":"2.7"}]
["Proprietário com antigo primário completo",111,null,{"v":38.144329896907216,"d":"38.1"}]
["Proprietário com 1° grau (ou antigo ginasial) completo",50,null,{"v":17.18213058419244,"d":"17.2"}]
["Proprietário com 2° grau (ou antigo colegial) completo",51,null,{"v":17.525773195876287,"d":"17.5"}]
["Proprietário com curso superior completo ",69,null,{"v":23.711340206185564,"d":"23.7"}]
["Pessoa Jurídica",2,null,{"v":0.6872852233676976,"d":"0.7"}]
["Proprietário residente na própria UPA ",68,null,{"v":23.367697594501717,"d":"23.4"}]
["Fonte: Secretaria de Agricultura e Abastecimento, CDRS/IEA, Projeto LUPA."]
[]
["TABELA 196.5 - Área Cultivada, Município de Guaiçara, Estado de São Paulo, 2007/08."]
["CULTURA","N.DE UPAs","MÍNIMO","MÉDIO","MÁXIMO","TOTAL"]
["Braquiaria",233,0.5,{"v":48.35,"d":"48.4"},565.4,{"v":11266.43,"d":"11,266.4"}]
["Cana-de-acucar",115,0.4,{"v":64.41,"d":"64.4"},{"v":950,"d":"950.0"},{"v":7407.7,"d":"7,407.7"}]
["Laranja",2,{"v":1,"d":"1.0"},{"v":316.25,"d":"316.3"},631.5,632.5]
["Milho",36,0.3,{"v":15.58,"d":"15.6"},{"v":90,"d":"90.0"},{"v":561,"d":"561.0"}]
["Eucalipto",23,0.4,{"v":5.56,"d":"5.6"},63.9,127.8]
["Cafe",22,0.6,3.2,13.5,70.3]
["Manga",6,{"v":1,"d":"1.0"},{"v":5.95,"d":"6.0"},13.3,35.7]
["Outras gramineas para pastagem",1,34.7,34.7,34.7,34.7]
["Seringueira",4,2.4,{"v":8.03,"d":"8.0"},16.9,32.1]
["Capim-napier (ou capim-elefante)",11,0.4,{"v":1.92,"d":"1.9"},{"v":5,"d":"5.0"},21.1]
["Fruta-do-conde (ou pinha, ou anona)",5,1.5,2.8,{"v":5,"d":"5.0"},{"v":14,"d":"14.0"}]
["Mucuna",1,10.8,10.8,10.8,10.8]
["Abacaxi (ou ananas)",1,{"v":8,"d":"8.0"},{"v":8,"d":"8.0"},{"v":8,"d":"8.0"},{"v":8,"d":"8.0"}]
["Pimentao",2,2.4,3.8,5.2,7.6]
["Coco-da-baia",3,0.4,{"v":1.97,"d":"2.0"},{"v":3,"d":"3.0"},5.9]
["Outras olericolas",2,0.2,2.8,5.4,5.6]
["Arroz",2,1.2,2.1,{"v":3,"d":"3.0"},4.2]
["Tomate rasteiro",1,{"v":4,"d":"4.0"},{"v":4,"d":"4.0"},{"v":4,"d":"4.0"},{"v":4,"d":"4.0"}]
["Mamao",1,{"v":4,"d":"4.0"},{"v":4,"d":"4.0"},{"v":4,"d":"4.0"},{"v":4,"d":"4.0"}]
["Banana",2,{"v":1,"d":"1.0"},1.5,{"v":2,"d":"2.0"},{"v":3,"d":"3.0"}]
["Maracuja",3,0.3,{"v":1,"d":"1.0"},1.5,{"v":3,"d":"3.0"}]
["Mandioca",2,0.4,1.4,2.4,2.8]
["Outras culturas temporárias",1,2.7,2.7,2.7,2.7]
["Feijao",1,2.5,2.5,2.5,2.5]
["Linho (v)",1,1.5,1.5,1.5,1.5]
["Limao",2,0.3,{"v":0.65,"d":"0.7"},{"v":1,"d":"1.0"},1.3]
["Tomate envarado",1,{"v":1,"d":"1.0"},{"v":1,"d":"1.0"},{"v":1,"d":"1.0"},{"v":1,"d":"1.0"}]
["Uva fina",1,{"v":1,"d":"1.0"},{"v":1,"d":"1.0"},{"v":1,"d":"1.0"},{"v":1,"d":"1.0"}]
["Floricultura para corte",1,0.5,0.5,0.5,0.5]
["Alface",1,0.4,0.4,0.4,0.4]
["Caju",1,0.3,0.3,0.3,0.3]
["Pupunha",1,0.2,0.2,0.2,0.2]
["Chicoria (ou chicoria-de-folha-crespa)",1,0.2,0.2,0.2,0.2]
["Espinafre (ou espinafre-europeu)",1,0.2,0.2,0.2,0.2]
["Couve (ou couve-crespa)",1,0.2,0.2,0.2,0.2]
["Fonte: Secretaria de Agricultura e Abastecimento, CDRS/IEA, Projeto LUPA."]